00753nam a2200241 a 4500001001300000003000900013005001700022008004100039020002300080082001800103100001900121245007100140260004600211300000900257500003500266505001000301650001800311700001900329902000800348942000700356952013100363999001700494nice12345678IN_TiNIC20260116014505.0080114s2007 dela grp 000 0 eng  a817646614X c49500a954.0258bANW aAnwar, M Siraj aMughals and the Deccan Political Relations With Ahmadnagar Kingdom aDelhi bB.R.Publishing Corporation c2007 a168p aincludes index and biblioraphy2 aIndex aMughal Empire1 aAnwar, M Siraj bSRS cBK 001040708StackRoom-aHMIbHMId2008-01-14g495.00l2o954.0258 ANWp022253r2018-07-17s2018-07-16v495.00w2008-01-14yBK c15589d15589